The making of an industrial society : Whickham, 1560-1765

Αποθηκεύτηκε σε:
Λεπτομέρειες βιβλιογραφικής εγγραφής
Κύριος συγγραφέας: Levine, David, 1946
Άλλοι συγγραφείς: Wrightson, Keith
Μορφή: Βιβλίο
Γλώσσα:English
Δημοσίευση: Oxford : Clarendon Press, 1991.
Σειρά:Oxford studies in social history
Θέματα:
Ετικέτες: Προσθήκη ετικέτας
Δεν υπάρχουν, Καταχωρήστε ετικέτα πρώτοι!

MARC

LEADER 00000cam a2200000 i 4500
001 1/822
008 000414s1991 enk| ||| |||| ||eng||
020 |a 0198200668 
035 |l 10059794 
040 |a GR-MyUa  |b gre  |e AACR2 
041 0 |a eng 
082 7 |a 330.942873   |2 (22) 
100 1 |a Levine, David,   |d 1946. 
245 1 4 |a The making of an industrial society :   |b Whickham, 1560-1765 /   |c David Levine and Keith Wrightson. 
260 |a Oxford :   |b Clarendon Press,   |c 1991. 
300 |a xviii, 456 σ. :   |b εικ. ;   |c 23 εκ. 
490 1 |a (Oxford studies in social history) 
504 |a Περιλαμβάνει βιβλιογραφικές παραπομπές και ευρετήριο. 
650 0 0 |a Industries -- England -- Whickham -- History  |z England  |z Whickham  |x History. 
651 0 |a Whickham (England)  |x Economic conditions. 
651 0 |a Whickham (England)  |x Social conditions. 
700 1 |a Wrightson, Keith. 
830 0 |a Oxford studies in social history 
852 |a INST  |b LESVOS  |e 20000414  |h 330.942873 LEV  |p 005100020420  |q 005100020420  |t BK  |y 0 
901 |a BIBL1-2000-1 
970 |a ΑΙΒΑΤΖΙΔΟΥ  |b ΕΛΕΝΗ  |z 2000/04/14